000 00449nam a2200157Ia 4500
008 130318s9999 xx 000 0 und d
020 _a9788131215180
082 _a005.18 FIS/E
100 _aFisher, Joseph A
245 _aEmbedded computing:A VLIW approach to architecture, compilers and tools
260 _bElsevier
_aSanFransisco
_c2005
300 _a671
650 _aEMBEDDED COMPUTING
700 _aFaraboschi, Paolo
700 _aYoung, Cliff
999 _c2203
_d2203